000 00448nmm a2200145Ia 4500
008 251105s9999||||xx |||||||||||||||||und||
041 _aspa
100 _aCaballero Jover, José María
245 0 _aQuince miradas. Diario docente
264 _a[Madrid, España] :
_bEditorial Club Universitario: ECU,
_c2017
300 _a429 páginas
650 _aSpanish narrative
856 _uhttps://public.digitaliapublishing.com/a/171591
942 _cCF
999 _c106341
_d106341